Alberto de Armas (Record no. 85259)

MARC details
000 -LEADER
campo de control de longitud fija 00775nam a2200205 i 4500
001 - NÚMERO DE CONTROL
campo de control 85259
003 - IDENTIFICADOR DE NÚMERO DE CONTROL
campo de control SpMaBN
005 - FECHA Y HORA DE LA ÚLTIMA TRANSACCIÓN
campo de control 20260214184709.0
008 - DATOS DE LONGITUD FIJA--INFORMACIÓN GENERAL
campo de control de longitud fija 170516s1994 sp aco |||| |bspa d
020 ## - NÚMERO INTERNACIONAL ESTÁNDAR DEL LIBRO
Número Internacional Estándar del Libro 84-88605-04-8
080 ## - NÚMERO DE LA CLASIFICACIÓN DECIMAL UNIVERSAL
Número de la Clasificación Decimal Universal 929 Armas, Alberto de
245 00 - MENCIÓN DEL TÍTULO
Título Alberto de Armas
Resto del título : hombre, médico, político /
Mención de responsabilidad, etc. [coordinación, Manuela y Olga Álvarez de Armas].
260 ## - PUBLICACIÓN, DISTRIBUCIÓN, ETC.
Lugar de publicación, distribución, etc. [Madrid] :
Nombre del editor, distribuidor, etc. Senado de España ;
Lugar de publicación, distribución, etc. [Santa Cruz de Tenerife] :
Nombre del editor, distribuidor, etc. Cabildo Insular,
Fecha de publicación, distribución, etc. [1994]
300 ## - DESCRIPCIÓN FÍSICA
Extensión 149 p. :
Otras características físicas il. col. y n., retr. ;
Dimensiones 25 cm.
600 17 - PUNTO DE ACCESO ADICIONAL DE MATERIA--NOMBRE DE PERSONA
Nombre de persona Armas, Alberto de,
Fechas asociadas al nombre 1930-1993
Fuente del encabezamiento o término
9 (RLIN) 162687
710 1# - ENTRADA AGREGADA--NOMBRE DE ENTIDAD CORPORATIVA
Nombre de entidad corporativa o nombre de jurisdicción como elemento de entrada España.
Unidad subordinada Cortes Generales.
-- Senado.
9 (RLIN) 3674
710 1# - ENTRADA AGREGADA--NOMBRE DE ENTIDAD CORPORATIVA
Nombre de entidad corporativa o nombre de jurisdicción como elemento de entrada Tenerife.
Unidad subordinada Cabildo Insular.
9 (RLIN) 6938
852 ## - LOCALIZACIÓN
Ubicación ES-MaACL
Número de control de estantería L-31571
Nota libre - enc. cart.
Holdings
Estatus retirado Estado de pérdida Estado de daño No para préstamo Biblioteca de origen Biblioteca actual Ubicación en estantería Fecha de adquisición Fuente de adquisición Total de préstamos Signatura topográfica completa Código de barras Visto por última vez Precio de reemplazo Tipo de ítem Koha
        Biblioteca del Ateneo de Madrid Biblioteca del Ateneo de Madrid Depósito 2 16/05/2017     L-31571 1197567 23/02/2023 23/02/2023 Libro impreso